| 000 | 00430nam a2200109Ia 4500 | ||
|---|---|---|---|
| 008 | 160909s9999 xx 000 0 und d | ||
| 100 | _aGrubb, Michael Louis, | ||
| 245 | _aConcurrent Psychotherapy and Twelve-Step Recovery for Compulsive Overeating: An Interpretative Phenomenological Analysis | ||
| 260 |
_bPacifica Graduate Institute. _c2016 |
||
| 650 | _aFOOD | ||
| 856 | _uhttp://pqdtopen.proquest.com/doc/1810128796.html?FMT=ABS | ||
| 999 |
_c303998 _d303998 |
||